| 000 | 00408nam a2200157 a 4500 | ||
|---|---|---|---|
| 001 | 4056 | ||
| 005 | 20140414131949.0 | ||
| 008 | 081215s19uu xx 00 eng d | ||
| 020 | _a0-439-60627-6 | ||
| 050 |
_aTR 372.4 _bG33 2004 |
||
| 245 | _aGet ready for 3rd grade. | ||
| 260 |
_aNew York : _bScholastic, _cc2004. |
||
| 300 | _a128 p. : ill. ; cm. | ||
| 650 | _aEducation (Elementary). | ||
| 999 |
_c112748 _d112748 |
||